A gentleman in Moscow / (Record no. 5346)

MARC details
000 -LEADER
fixed length control field 01456cam a2200205 4500
001 - CONTROL NUMBER
control field 6341
010 ## - LIBRARY OF CONGRESS CONTROL NUMBER
LC control number 2016030082
020 ## - INTERNATIONAL STANDARD BOOK NUMBER
International Standard Book Number 9781786330383
100 1# - MAIN ENTRY--PERSONAL NAME
Personal name Towles, Amor.
Relator term
245 12 - TITLE STATEMENT
Title A gentleman in Moscow /
Statement of responsibility, etc. Amor Towles.
264 #1 - PRODUCTION, PUBLICATION, DISTRIBUTION, MANUFACTURE, AND COPYRIGHT NOTICE
Place of production, publication, distribution, manufacture London :
Name of producer, publisher, distributor, manufacturer Hutchinson,
Date of production, publication, distribution, manufacture, or copyright notice 2016.
300 ## - PHYSICAL DESCRIPTION
Extent 462 pages :
Other physical details map ;
Dimensions 24 cm
336 ## - CONTENT TYPE
Content type term text
Content type code txt
Source rdacontent
337 ## - MEDIA TYPE
Media type term unmediated
Media type code n
Source rdamedia
338 ## - CARRIER TYPE
Carrier type term volume
Carrier type code nc
Source rdacarrier
520 ## - SUMMARY, ETC.
Summary, etc. A Gentleman in Moscow immerses us in an elegantly drawn era with the story of Count Alexander Rostov. When, in 1922, he is deemed an unrepentant aristocrat by a Bolshevik tribunal, the count is sentenced to house arrest in the Metropol, a grand hotel across the street from the Kremlin. Rostov, an indomitable man of erudition and wit, has never worked a day in his life, and must now live in an attic room while some of the most tumultuous decades in Russian history are unfolding outside the hotel's doors. Unexpectedly, his reduced circumstances provide him a doorway into a much larger world of emotional discovery. Brimming with humor, a glittering cast of characters, and one beautifully rendered scene after another, this singular novel casts a spell as it relates the count's endeavor to gain a deeper understanding of what it means to be a man of purpose.
Assigning source Provided by publisher.
650 #7 - SUBJECT ADDED ENTRY--TOPICAL TERM
Topical term or geographic name entry element Historical fiction.
Topical term or geographic name entry element Political fiction.
Source of heading or term
Topical term or geographic name entry element Soviet Union -- Fiction.
Source of heading or term
Holdings
Withdrawn status Lost status Source of classification or shelving scheme Damaged status Not for loan Collection code Home library Current library Shelving location Date acquired Serial Enumeration / chronology Inventory number Total Checkouts Full call number Barcode Date last seen Date last checked out Price effective from Koha item type
    Dewey Decimal Classification     Fiction RTC Library RTC Library Fiction 27/11/2018 10049 3 FIC 813.54 TOW 30010160 19/04/2024 02/04/2024 27/11/2018 Fiction
Royal Thimphu College || All Right Reserved